Reptiles - Mort subite - Statistiques

Statistiques générales
  • Ce quiz a été pris 1 889 fois
  • Le résultat moyen est 8 sur 19
Answers on the Grid
Answers color-coded by a green-red scale on the quiz's grid according to % correct below.
Vipère
Anaconda
Lézard
Margouillat
Iguane
Tortue
Salamandre
Grenouille
Crocodile
Caïman
Gavial
Alligator
Varan
Triton
Couleuvre
Couleuvrine
Serpentaire
Gecko
Mocassin d'eau
Diplodocus
Python
Piton
Mamba
Mambo
Blizzard
Samba
Tricot rayé
Débardeur
Méduse
Caméléon
 
Statistiques - réponses
Réponse % Correct
Vipère
91%
Anaconda
85%
Lézard
85%
Iguane
78%
Crocodile
58%
Tortue
55%
Caïman
54%
Alligator
47%
Python
45%
Couleuvre
41%
Caméléon
36%
Varan
36%
Gecko
34%
Mamba
29%
Gavial
22%
Margouillat
15%
Diplodocus
10%
Tricot rayé
10%
Mocassin d'eau
8%
Aucun quiz correspondant
Distribution des résultats
% des personnes avec chaque résultat
Percentile par nombre de réponses
Votre historique - résultats
Vous n’avez pas pris ce quiz